| 000 | 01166nam a2200265Ia 4500 | ||
|---|---|---|---|
| 003 | GCL | ||
| 008 | 140319s9999 xx 000 0 ara d | ||
| 020 | _a2771305977 | ||
| 040 |
_aGCL / _cGCL |
||
| 082 | 0 | 4 |
_aق _b932 _bر ح |
| 100 | 1 | _aرمضان عبده على | |
| 245 | 1 | 0 |
_aحضارة مصر القديمة : _bمنذ اقدم العصور حتى نهاية عصورالاسرات الوطنية / _cرمضان عبده على |
| 700 | 1 | _aزاهى حواس | |
| 260 |
_aالقاهرة : _bالمجلس الاعلى للاثار ، _c2004 |
||
| 300 |
_a3 مج ؛ _c24 سم |
||
| 490 |
_aسلسلة الثقافة الاثرية والتاريخية مشروع المائة كتاب _v41 |
||
| 650 | 0 | 4 | _aالحضارة الفرعونية |
| 650 | 0 | 4 | _aالاثار الفرعونية |
| 650 | 0 | 4 | _aمصر القديمة - الاحوال الاجتماعية |
| 650 | 0 | 4 | _aمصر القديمة - تاريخ |
| 650 | 0 | 4 | _aمصر القديمة - الاحوال الاقتصادية |
| 650 | 0 | 4 | _aمصر القديمة - عصر ماقبل الاسرات |
| 650 | 0 | 4 | _aمصر القديمة - الطبقات الاجتماعية |
| 942 |
_2ddc _cBK |
||
| 999 |
_c53294 _d53294 |
||